Central Library OPAC University of Rajshahi
Normal view MARC view

Entry Topical Term

Number of records used in: 3

001 - CONTROL NUMBER

  • control field: 10604

003 - CONTROL NUMBER IDENTIFIER

  • control field: BD-RjUL

005 - DATE AND TIME OF LATEST TRANSACTION

  • control field: 20231219110806.0

008 - FIXED-LENGTH DATA ELEMENTS

  • fixed length control field: 231219|| aca||aabn | a|a d

040 ## - CATALOGING SOURCE

  • Original cataloging agency: BD-RjUL
  • Transcribing agency: BD-RjUL

150 ## - HEADING--TOPICAL TERM

  • Topical term or geographic name entry element: Sanskrit language
  • General subdivision: Grammar

670 ## - SOURCE DATA FOUND

  • Source citation: Work cat.: (BD-RjUL)82497: বিশ্বাস, বিপুল কুমার 10602, সংস্কৃত ব্যাকরণশাস্ত্র ও সিদ্ধান্তকৌমুদী-কারকপ্রকরণ / , ২০২৩